000 00788nam a2200241Ia 4500
003 OSt
005 20220923225313.0
006 a|||||r|||| 00| 0
007 ta
008 220922b |||||||| |||| 00| 0 hin d
024 _a262,378
037 _cTextual
040 _aARTS
_cARTS
_bhin
041 _2hin
_ahin
082 _aO15,1x, 152L0
100 _aगिरि, ब्रह्मानन्द
245 0 _aतारा रहस्यम
246 _aTārā rahasyama
260 _aवाराणसी
_b चौखम्बा संस्कृत सीरीज
_c1970
650 _aसंस्कृत साहित्य
942 _hO15,1x, 152L0
_cTEXL
_2CC
999 _c377398
_d377398